Encyclopedia of environmental microbiology / (Record no. 601262)
[ view plain ]
| 000 -LEADER | |
|---|---|
| fixed length control field | 00387nam a2200133Ia 4500 |
| 008 - FIXED-LENGTH DATA ELEMENTS--GENERAL INFORMATION | |
| fixed length control field | 230907s9999||||xx |||||||||||||| ||und|| |
| 082 ## - DEWEY DECIMAL CLASSIFICATION NUMBER | |
| Classification number | 579.1703 |
| Author Mark | BIT |
| 100 ## - MAIN ENTRY--PERSONAL NAME | |
| Personal name | Bitton, Gabriel. |
| 9 (RLIN) | 5831 |
| 245 #0 - TITLE STATEMENT | |
| Title | Encyclopedia of environmental microbiology / |
| 260 ## - PUBLICATION, DISTRIBUTION, ETC. | |
| Place of publication, distribution, etc. | Wiley, |
| Name of publisher, distributor, etc. | New York : |
| Date of publication, distribution, etc. | 2002 |
| 300 ## - PHYSICAL DESCRIPTION | |
| Extent | 6 v. (xxviii, 3527 p.) : |
| 650 ## - SUBJECT ADDED ENTRY--TOPICAL TERM | |
| Topical term or geographic name entry element | Encyclopedias. Encyclopedias. |
| 942 ## - ADDED ENTRY ELEMENTS (KOHA) | |
| Koha item type | Book |
| Withdrawn status | Lost status | Damaged status | Not for loan | Permanent Location | Current Location | Date acquired | Total Checkouts | Full call number | Barcode | Date last seen | Price effective from | Koha item type |
|---|---|---|---|---|---|---|---|---|---|---|---|---|
| US-Pakistan Center for Advanced Studies in Energy (USPCAS-E) | US-Pakistan Center for Advanced Studies in Energy (USPCAS-E) | 10/24/2019 | 579.1703 BIT | CAS-E0005361 | 09/12/2023 | 09/12/2023 | Book |
